| 000 | 00898nam a2200301 4500 | ||
|---|---|---|---|
| 003 | OSt | ||
| 005 | 20260601193845.0 | ||
| 008 | 260506b1982 spaa|||| |||| 00| 0 spa d | ||
| 040 |
_aICI _bspa _cICI |
||
| 041 | _aspa | ||
| 050 | _aQA501 C35 | ||
| 100 | 1 |
_aCampos Newman, Luis E., _dautor. _931304 |
|
| 245 | 1 |
_aGeodésicas _cArq. Luis E. Campos Newman |
|
| 260 | _aMéxico: | ||
| 264 |
_bUIA Depto de Diseño 1982 _c1982 |
||
| 300 | _a97 páginas : | ||
| 336 |
_atexto _2rdacontent |
||
| 337 |
_asin medio _2rdamedia |
||
| 338 |
_avolumen _2rdacarrier |
||
| 502 | _aIncluye índice | ||
| 650 | 4 | _aPerspectiva | |
| 650 | 4 |
_a Proyección (Geometría) _931306 |
|
| 650 |
_aGeometría descriptiva _xEstudio y enseñanza _931307 |
||
| 650 |
_aGeometría estructural _931308 |
||
| 650 |
_aConstrucción ligera _931309 |
||
| 700 |
_a Raeder Vogel, Pablo H. _eautor _931310 |
||
| 942 |
_2lcc _cB _n1 |
||
| 999 |
_c21604 _d21604 |
||